000
00321nam a2200121Ia 4500
008
220204s9999 xx 000 0 und d
082
_a
331.522
_b
KOT.2
100
_a
KOTHARI, G M
245
0
_a
Labour demands and their adjudication. V 2.
260
_a
Bombay
_b
NM Tripathi
_c
1977
650
_a
Labour disputes
942
_c
BK
999
_c
26315
_d
26315